Normal view
MARC view
- Israelsen, Orson W .
Entry Personal Name
001 - CONTROL NUMBER
- control field: 1658
003 - CONTROL NUMBER IDENTIFIER
- control field: OSt
005 - DATE AND TIME OF LATEST TRANSACTION
- control field: 20161006120138.0
008 - FIXED-LENGTH DATA ELEMENTS
- fixed length control field: 161006|| aca||aabn | a|a d
040 ## - CATALOGING SOURCE
- Original cataloging agency: OSt
- Transcribing agency: OSt
100 ## - HEADING--PERSONAL NAME
- Personal name: Israelsen, Orson W .
670 ## - SOURCE DATA FOUND
- Source citation: Work cat.: (OSt)13564: Israelsen, Orson W ., Irrigation Principles and Practices / , 1962.
